Diplomatie des villes : collectivités territoriales et relations internationales (notice n° 1587206)
[ vue normale ]
| 000 -LEADER | |
|---|---|
| fixed length control field | 01745cam a2200217 4500500 |
| 005 - DATE AND TIME OF LATEST TRANSACTION | |
| control field | 20251228060535.0 |
| 041 ## - LANGUAGE CODE | |
| Language code of text/sound track or separate title | fre |
| 042 ## - AUTHENTICATION CODE | |
| Authentication code | dc |
| 100 10 - MAIN ENTRY--PERSONAL NAME | |
| Personal name | Viltard, Yves |
| Relator term | author |
| 245 00 - TITLE STATEMENT | |
| Title | Diplomatie des villes : collectivités territoriales et relations internationales |
| 260 ## - PUBLICATION, DISTRIBUTION, ETC. | |
| Date of publication, distribution, etc. | 2010.<br/> |
| 500 ## - GENERAL NOTE | |
| General note | 18 |
| 520 ## - SUMMARY, ETC. | |
| Summary, etc. | L’action internationale des États est affectée par les nouvelles « diplomaties » des collectivités territoriales et gouvernements non centraux. Ces derniers tentent de se définir collectivement une identité spécifique sur la scène internationale. C’est particulièrement le cas des grandes métropoles, dont l’internationalisation constitue un élément fondamental. Il existe désormais bien des formes de diplomaties « locales », à la fois isomorphes et complémentaires de l’action des États. politique étrangère |
| 520 ## - SUMMARY, ETC. | |
| Summary, etc. | Yves Viltard, Local Authorities and International Relations International actions by States are being affected by the new diplomacies of local authorities and non-central governments. The latter are seeking to define collectively a specific identity on the international stage. This is especially the case of large metropolises, whose internationalization is a fundamental phenomenon. Various types of “local” diplomacies exist today, which are both isomorphic and complementary to State actions. |
| 690 ## - LOCAL SUBJECT ADDED ENTRY--TOPICAL TERM (OCLC, RLIN) | |
| Topical term or geographic name as entry element | Collectivités territoriales |
| 690 ## - LOCAL SUBJECT ADDED ENTRY--TOPICAL TERM (OCLC, RLIN) | |
| Topical term or geographic name as entry element | Diplomatie des villes |
| 690 ## - LOCAL SUBJECT ADDED ENTRY--TOPICAL TERM (OCLC, RLIN) | |
| Topical term or geographic name as entry element | Gouvernements non centraux |
| 690 ## - LOCAL SUBJECT ADDED ENTRY--TOPICAL TERM (OCLC, RLIN) | |
| Topical term or geographic name as entry element | Mondialisation |
| 786 0# - DATA SOURCE ENTRY | |
| Note | Politique étrangère | Autome | 3 | 2010-09-24 | p. 593-604 | 0032-342X |
| 856 41 - ELECTRONIC LOCATION AND ACCESS | |
| Uniform Resource Identifier | <a href="https://shs.cairn.info/revue-politique-etrangere-2010-3-page-593?lang=fr&redirect-ssocas=7080">https://shs.cairn.info/revue-politique-etrangere-2010-3-page-593?lang=fr&redirect-ssocas=7080</a> |
Pas d'exemplaire disponible.




Réseaux sociaux